banner-ar

ذيل تذكرة الحفاظ للذهبى ويليه لحظ الالحاظ بذيل طبقات الحفاظ ويليه ذيل طبقات الحفاظ للذهبى / (Record no. 40762)

MARC details
000 -الفاتح
حقل البيانات ثابتة الطول 00932nam a2200205Ia 4500
005 - وقت وتاريخ اخر تعامل مع التسجيلة
رقم الضبط 20240530103553.0
008 - عناصر البيانات ثابتة الطول - معلومات عامة
حقل البيانات ثابتة الطول 140319s9999 xx 000 0 ara d
040 ## - مصدر الفهرسة
وكالة الفهرسة الأصلية GCL /
وكالة النسخ GCL
082 04 - رقم تصنيف ديوى العشرى
رقم التصنيف 210.92
رقم المادة أ ك
100 1# - المدخل الرئيسى - إسم شخصى
الإسم الشخصى الحسينى , ابوالمحاسن محمد الدمشقى
245 10 - بيان العنوان
العنوان ذيل تذكرة الحفاظ للذهبى ويليه لحظ الالحاظ بذيل طبقات الحفاظ ويليه ذيل طبقات الحفاظ للذهبى /
بيان المسئوليه,etc الحسينى , ابوالمحاسن محمد الدمشقى
300 ## - الوصف المادى
التعداد متعدد ؛
أبعاد الوعاء 24سم
650 04 - المدخل الاضافى بالموضوع-مصطلح موضوعى
مصطلح موضوعي الرواه - تراجم
650 04 - المدخل الاضافى بالموضوع-مصطلح موضوعى
مصطلح موضوعي الحفاظ - تراجم
700 1# - المدخل الاضافى - اسم شخصى
الإسم الشخصى المكى , تقى الدين محمد بن فهد
700 1# - المدخل الاضافى - اسم شخصى
الإسم الشخصى السيوطى : جلال الدين ابوالفضل عبدالرحمن بن ابى بكر بن محمد الخضيرى
942 ## - عناصر المدخل الإضافي( كوها)
مصدر التصنيف او مخطط الترفيف Dewey Decimal Classification
Koha [default] item type كتاب
260 ## - PUBLICATION, DISTRIBUTION, ETC. (IMPRINT)
-- [S.N] :
-- دار الكتب
Holdings
حالة التراجع حالة الفقد حالة تلف ليس للاعارة المكان المؤقت الموقع الحالى تاريخ الاكتساب اجمالي اﻻعارات رقم الطلب الباركود تاريخ اخر مشاهدة تاريخ تفعيل السعر نوع وعاء كوها
        مكتبة القاهرة الكبرى مكتبة القاهرة الكبرى 03/26/2014   210.92\أ ك 98463 03/26/2014 03/26/2014 كتاب
        مكتبة القاهرة الكبرى مكتبة القاهرة الكبرى 03/26/2014   210.92\أ ك 98464 03/26/2014 03/26/2014 كتاب
        مكتبة القاهرة الكبرى مكتبة القاهرة الكبرى 03/26/2014   210.92\أ ك 98465 03/26/2014 03/26/2014 كتاب

Powered By

EGPV